LIBRARY & INFORMATION CENTRE, KCAET, TAVANUR

ONLINE PUBLIC ACCESS CATALOGUE (OPAC)

Green Microbiology (Record no. 14217)

MARC details
000 -LEADER
fixed length control field 00270nam a22001217a 4500
022 ## - INTERNATIONAL STANDARD SERIAL NUMBER
ISSN 9789383101252
082 ## - DEWEY DECIMAL CLASSIFICATION NUMBER
Classification number 576
Item number VIN/GR
100 ## - MAIN ENTRY--AUTHOR NAME
Personal name Vineeta Singh
245 ## - TITLE STATEMENT
Title Green Microbiology
260 ## - PUBLICATION, DISTRIBUTION, ETC. (IMPRINT)
Place of publication New Delhi
Name of publisher Agrotech Press
Year of publication 2013
300 ## - PHYSICAL DESCRIPTION
Number of Pages 244
942 ## - ADDED ENTRY ELEMENTS (KOHA)
Koha item type Books
Holdings
Withdrawn status Lost status Damaged status Collection code Home library Current library Shelving location Date acquired Source of acquisition Cost, normal purchase price Full call number Accession Number Koha item type
        KAUAET KAUAET General Stacks 04/06/2016 Southern Book Center, Tvm 1295.00 576 VIN/GR 24901 Books
free website counter